000 00383nam a2200145Ia 4500
008 221201s9999 xx 000 0 und d
020 _a9788180903274
041 _aeng
082 _a720.91PAN
100 _aPanda N C & Suresh K M
_9105920
245 _aTemple Architecture Of Orissa.
260 _aNew Delhi
_bBharatiya Kala Prakashan,
_c2014
300 _a170p
906 _b1946.75
999 _c83426
_d83426